Central Library OPAC University of Rajshahi

World peace through world law / (Record no. 4877)

MARC details
000 -LEADER
fixed length control field 00748nam a2200253|a 4500
001 - CONTROL NUMBER
control field 4877
003 - CONTROL NUMBER IDENTIFIER
rucl marc code BD-RjUL
005 - DATE AND TIME OF LATEST TRANSACTION
control field 20211208233953.0
008 - FIXED-LENGTH DATA ELEMENTS--GENERAL INFORMATION
fixed length control field 131223s1960 mau 00110 eng
035 ## - SYSTEM CONTROL NUMBER
System control number (BD-RjUL)4912
040 ## - CATALOGING SOURCE
Original cataloging agency DLC
Transcribing agency KSU
Modifying agency m.c.
-- SLU
-- OKO
-- CStRLIN
-- BD-RjUL
Language of cataloging eng
041 ## - LANGUAGE CODE
Language code of text/sound track or separate title eng
082 00 - DEWEY DECIMAL CLASSIFICATION NUMBER
Classification number 341.232
Author mark and year CLW 1960
100 10 - MAIN ENTRY--PERSONAL NAME
Personal name Clark, Grenville,
Dates associated with a name 1882-1967.
9 (RLIN) 15378
245 10 - TITLE STATEMENT
Title World peace through world law /
Statement of responsibility, etc. by Grenville Clark and Louis B. Sohn.
250 ## - EDITION STATEMENT
Edition statement 2nd ed., rev.
260 ## - PUBLICATION, DISTRIBUTION, ETC. (IMPRINT)
Place of publication, distribution, etc. Cambridge :
Name of publisher, distributor, etc. Harvard University Press,
Date of publication, distribution, etc. 1960.
300 ## - PHYSICAL DESCRIPTION
Pagination liii, 387 p. ;
Size 26 cm.
504 ## - BIBLIOGRAPHY, ETC. NOTE
Bibliography, etc Includes index.
610 20 - SUBJECT ADDED ENTRY--CORPORATE NAME
Corporate name or jurisdiction name as entry element United Nations.
700 10 - ADDED ENTRY--PERSONAL NAME
Personal name Sohn, Louis B.
942 ## - ADDED ENTRY ELEMENTS (KOHA)
Source of classification or shelving scheme Dewey Decimal Classification
Koha item type Books
Holdings
Lost status Source of classification or shelving scheme Damaged status Not for loan Collection code Permanent Location Current Location Shelving location Date acquired Source of acquisition Cost, normal purchase price Total Checkouts Full call number Date last seen Copy number Koha item type
  Dewey Decimal Classification   Not For Loan Non-fiction Central Library, University of Rajshahi Central Library, University of Rajshahi   07/04/1967 Euro-Pak 19.50   341.232 CLW 1960 23/12/2013 C-1 Books
  Dewey Decimal Classification     Non-fiction Central Library, University of Rajshahi Central Library, University of Rajshahi   05/12/1967 Ideal Library 17.10   341.232 CLW 1960 27/07/2016 C-2 Books
  Dewey Decimal Classification     Non-fiction Central Library, University of Rajshahi Central Library, University of Rajshahi   05/12/1967 Ideal Library 17.10   341.232 CLW 1960 27/07/2016 C-3 Books
  Dewey Decimal Classification     Non-fiction Central Library, University of Rajshahi Central Library, University of Rajshahi   06/04/1967 Euro Book Agency 19.50   341.232 CLW 1960 27/07/2016 C-4 Books
  Dewey Decimal Classification     Non-fiction Central Library, University of Rajshahi Central Library, University of Rajshahi   06/04/1967 Euro Book Agency 19.50   341.232 CLW 1960 27/07/2016 C-5 Books